Get the Picture: Weapon of Choice Quiz Stats

 Plays Quiz Updated Aug 31, 2019

Score 0/15 Timer 02:30
1 Play Today
Question Answer Wrong Answers
James Bond Handgun
97.1%
Sword
0.3%
Bow
0.4%
Robin Hood Bow
95.7%
Sword
1.9%
Handgun
0.3%
Dirty Harry Handgun
94.1%
Sword
1.9%
Bow
1.7%
Katniss Everdeen Bow
91.4%
Sword
4.6%
Handgun
1.8%
Conan Sword
89.5%
Bow
5.5%
Handgun
2.8%
He-Man Sword
89.4%
Bow
4.5%
Handgun
3.8%
Hawkeye Bow
86.1%
Sword
3.9%
Handgun
7.6%
Sherlock Holmes Handgun
83.3%
Sword
11%
Bow
3.7%
Yosemite Sam Handgun
82.7%
Sword
7.4%
Bow
7.6%
Legolas Bow
80.7%
Sword
14.7%
Handgun
2.1%
Porthos Sword
80.6%
Bow
14.6%
Handgun
2.2%
Inigo Montoya Sword
80%
Bow
7.4%
Handgun
10.3%
Katana Sword
79.5%
Bow
14.3%
Handgun
3.5%
Merida Bow
75.9%
Sword
18.1%
Handgun
3.4%
Hellboy Handgun
58.9%
Sword
33.2%
Bow
5.5%

Today's Daily Dose

Missing Word
Banned Books (A-Z)

Word Ladder
Janis Joplin

Get the Picture
Occupations

You're not logged in!

Compare scores with friends on all Sporcle quizzes.
OR
Log In

Sporcle TV

Today on Sporcle TV


Watch our educational content, quiz creation guides, and fun videos on Sporcle TV.

Show Comments

Extras

Top Quizzes Today


Score Distribution

Your Account Isn't Verified!

In order to create a playlist on Sporcle, you need to verify the email address you used during registration. Go to your Sporcle Settings to finish the process.

Report this User

Report this user for behavior that violates our Community Guidelines.

Details: